LEADER 01957nam 2200565 450 001 9910828486203321 005 20230126211251.0 035 $a(CKB)2670000000613715 035 $a(EBL)3039965 035 $a(SSID)ssj0001484103 035 $a(PQKBManifestationID)12649937 035 $a(PQKBTitleCode)TC0001484103 035 $a(PQKBWorkID)11431196 035 $a(PQKB)11487436 035 $a(MiAaPQ)EBC3039965 035 $a(Au-PeEL)EBL3039965 035 $a(CaPaEBR)ebr11052499 035 $a(CaONFJC)MIL778744 035 $a(OCoLC)884500485 035 $a(EXLCZ)992670000000613715 100 $a20140718h20152015 uy| 0 101 0 $aeng 135 $aur|n|---||||| 181 $ctxt 182 $cc 183 $acr 200 10$aToons in toyland $ethe story of cartoon character merchandise /$fTim Hollis 210 1$aJackson :$cUniversity Press of Mississippi Jackson,$d[2015] 210 4$dİ2015 215 $a1 online resource (313 p.) 300 $aDescription based upon print version of record. 311 $a1-62846-199-3 311 $a1-62674-504-8 320 $aIncludes bibliographical references and index. 327 $aLicense to toon -- Funny business -- Read more about it -- Toying around with your friends -- Windows into another world -- For the record -- Happy holidays -- Eat, drink, and be funny -- Car toons -- To infinity and beyond. 606 $aComic strip character toys$zUnited States$xMarketing 606 $aCartoon characters$xSocial aspects$zUnited States 606 $aLicensed products$zUnited States 615 0$aComic strip character toys$xMarketing. 615 0$aCartoon characters$xSocial aspects 615 0$aLicensed products 676 $a688.7 700 $aHollis$b Tim$01679252 801 0$bMiAaPQ 801 1$bMiAaPQ 801 2$bMiAaPQ 906 $aBOOK 912 $a9910828486203321 996 $aToons in toyland$94047344 997 $aUNINA